| 000 | 00613nam a2200229 a 4500 | ||
|---|---|---|---|
| 001 | 9196 | ||
| 003 | CO-ViMGA | ||
| 008 | 141112s2004 ck r 000 u spa d | ||
| 040 |
_aCO-ViMGA _bspa _cCO-ViMGA |
||
| 082 | 0 | 4 | _a005.8 A454 |
| 100 | 1 |
_aAlonso ; Jose Miguel, _99725 |
|
| 245 | 1 | 0 |
_aTCP/ _cIP en Unix : programación de aplicaciones distrubuidos . |
| 260 |
_aSantafé de Bogotá : _bAlfaomega, _c1999. |
||
| 300 | _a194p. | ||
| 650 | 1 | 4 |
_aIP _99726 |
| 650 | 1 | 4 |
_aIP _99726 |
| 650 | 1 | 4 |
_aPROTOCOLOS TCP _99727 |
| 650 | 1 | 4 |
_aREDES _97668 |
| 650 | 1 | 4 |
_aTCP _98621 |
| 650 | 1 | 4 |
_aUNIX _950723 |
| 942 |
_2ddc _cBK |
||
| 999 |
_c20736 _d20736 |
||